000 00496nam a2200181Ia 4500
999 _c1365
_d1365
003 OSt
005 20200924140003.0
008 190216s9999||||xx |||||||||||||| ||und||
040 _coclc
082 _a574.876
_bGIE/C
100 _aGiese, Arthur C
_94953
245 0 _aCell Physiology /
_cArthur C Giese
250 _a4th Ed.
260 _bWb Saunders Company,
_c1973.
_aLondon:
300 _a741p
650 _aBotany
942 _cBK
_2ddc
_h574.876
_iGIE/C
_k574.876
_mGIE/C